Haz una Vidriera - Estadísticas

Estadísticas generales
  • Esta prueba ha sido intentada 8.693 veces
  • La puntuación promedio es 19 de 25
Respuestas en el mapa
Las respuestas están codificadas por una escala verde-roja en el mapa de la prueba según el % correcto abajo.
 
Estadísticas de respuestas
# Respuesta % Correcto
109 España
98%
181 Francia
96%
273 Estados Unidos
95%
412 Italia
95%
46 Alemania
94%
112 Rusia
94%
74 Argentina
90%
93 México
90%
217 Reino Unido
89%
291 Brasil
88%
59 Canadá
85%
80 China
85%
69 Polonia
82%
80 Colombia
80%
337 India
74%
74 Australia
73%
50 Irlanda
69%
92 Ucrania
68%
39 Venezuela
68%
52 Rumania
61%
41 Sudáfrica
56%
37 Indonesia
54%
143 Filipinas
48%
57 Nigeria
37%
40 Ghana
11%
No se encontraron pruebas coincidentes
Distribución de puntuación
Porcentaje de gente con cada puntuación
Porcentaje por número respondido
Historial de tus puntuaciones
No has intentado esta prueba.